| 000 | 00938cam a22002891 4500 | ||
|---|---|---|---|
| 001 | 13668 | ||
| 003 | BD-RjUL | ||
| 005 | 20211208235507.0 | ||
| 008 | 140201s1960 enka b 001 0 eng d | ||
| 035 | _a(BD-RjUL)13720 | ||
| 035 | _a(OCoLC)2545099 | ||
| 040 |
_aDLC _cScU _dUk _dDLC _dBD-RjUL _beng |
||
| 041 | _aeng | ||
| 082 | 0 | 0 |
_219 _a621.38105 _bELE 1960 |
| 245 | 1 | 0 |
_aElectronics for spectroscopists / _cby members of the Photoelectric Spectrometry Group and the Electronics Dept. of Southampton University. |
| 260 |
_aLondon : _bHilger & Watts, _cc1960 |
||
| 300 |
_a333 p. : _billus. ; _c23 cm. |
||
| 500 | _aAt head of title: Schwarz memorial volume. | ||
| 504 | _aIncludes bibliography and Index | ||
| 650 | 0 |
_aElectronics _942775 |
|
| 650 | 0 |
_aSpectrometer _930292 |
|
| 700 | 1 |
_aCannon, Cyril George, _942776 |
|
| 740 | 0 | _aSchwarz memorial volume | |
| 942 |
_2ddc _cBK |
||
| 999 |
_c13668 _d13668 |
||